000 00889cam a2200253 4500
001 WB3546-29
008 000000n1999 000 0 eng u
035 _a(Sirsi) u102378
245 _aPrivate investment in real estate
260 _c1999
490 _aFinancial Times
_v19 November 1999(6) LOAN
520 _aSupplement on private finance in the property sector including articles on signs of new movement of private money into commercial property, the role of Asia, the trend for people to relocate to other countries and trends in Italy, London and France.
590 _aWB
650 _aPRIVATE INVESTMENT
650 _aPROPERTY-COMMERCIAL PROPERTY
650 _aRESIDENTIAL PROPERTY
_96266
650 _aASIA
650 _aHONG KONG
650 _aLONDON
650 _aITALY
650 _aFRANCE
690 _aPROPERTY-PROPERTY FINANCE AND INVESTMENT
942 _n0
999 _c61399
_d61399